Sports Quiz

Random Sports or NFL Quiz

What NFL Team Is He? Quiz Stats

 Plays Quiz not verified by Sporcle

Score 0/26 Timer 02:00
0 Plays Today
Team Player % Correct
New England PatriotsTom Brady
67.1%
New York JetsDustin Keller
46.1%
Indianapolis ColtsPeyton Manning
46.1%
Cincinnati BengalsA.J. Green
43.4%
Tennessee TitansKenny Britt
42.1%
Green Bay PackersJermichael Finley
42.1%
New Orleans SaintsDarren Sproles
40.8%
Cleveland BrownsColt McCoy
39.5%
Miami DolphinsBrian Hartline
38.2%
Carolina PanthersDeAngelo Williams
36.8%
Pittsburgh SteelersHeath Miller
35.5%
Jacksonville JaguarsMarcedes Lewis
35.5%
Houston TexansAndre Johnson
35.5%
Team Player % Correct
Chicago BearsJohnny Knox
34.2%
Baltimore RavensEd Dickson
32.9%
Atlanta FalconsRoddy White
32.9%
Seattle SeahawksGolden Tate
31.6%
San Francisco 49ersMichael Crabtree
26.3%
Denver BroncosTim Tebow
26.3%
Buffalo BillsScott Chandler
25%
Minnesota VikingsChristian Ponder
23.7%
Oakland RaidersDarrius Heyward-Bey
21.1%
Tampa Bay BuccaneersLeGarrette Blount
21.1%
Arizona CardinalsAndre Roberts
17.1%
Kansas City ChiefsJonathan Baldwin
13.2%
San Diego ChargersVincent Brown
11.8%

You're not logged in!

Compare scores with friends on all Sporcle quizzes.
OR
Log In

Show Comments

Extras

Top Quizzes Today


Score Distribution

Your Account Isn't Verified!

In order to create a playlist on Sporcle, you need to verify the email address you used during registration. Go to your Sporcle Settings to finish the process.

Report this User

Report this user for behavior that violates our Community Guidelines.

Details: